00609nam a2200145Ia 4500008004100000020001800041041000800059082001600067100001800083245028000101250000600381260003900387300001200426650002500438210716s2015 xx 000 0 und d a9781783553532 aeng a004.69 WAHP aWaher, Peter. aLearning internet of things: explore and learn about internet of things with the help of engaging and enlightening tutorials designed for raspberry Pi.bExplore and learn about internet of things with the help of engaging and enlightening tutorials designed for raspberry Pi. a1 aMumbaibPackt Publishing Ltdc2015 avii,221 aInternet / Mutimedia